Arabic alphabet quiz - Statistics

General Stats
  • This quiz has been taken 116 times
  • The average score is 7 of 29
Answer Stats
Answer % Correct
Alif
98%
Baa
74%
Taa
68%
Thaa
60%
Ha
48%
Jeem
38%
Khaa
38%
Daal
34%
Haa
32%
Raa
32%
Zaa
28%
Seen
22%
Sheen
22%
Laam
16%
Meem
14%
Qaaf
14%
Zaal
14%
Noon
12%
Waw
12%
Yaa
12%
Duaad
10%
Faa
10%
Suaad
10%
Aeen
8%
Kaaf
8%
Ghaeen
4%
Tuaa
4%
Zua
4%
Hamzah
2%
No matching quizzes found
Score Distribution
Percent of People with Each Score
Percentile by Number Answered
Your Score History
You have not taken this quiz